El Brincón : (Record no. 6062)

MARC details
000 -CABECERA
campo de control de longitud fija 00582nam a2200169 a 4500
005 - FECHA Y HORA DE LA ÚLTIMA TRANSACCIÓN
campo de control 20221118063442.0
008 - ELEMENTOS DE LONGITUD FIJA--INFORMACIÓN GENERAL
campo de control de longitud fija 991125s1920 par 000 0 spa u
035 ## - NÚMERO DE CONTROL DEL SISTEMA
Número de control de sistema UPN01000006062
049 ## - COLECCIÓN
Colección LT
050 #4 - SIGNATURA TOPOGRÁFICA DE LA BIBLIOTECA DEL CONGRESO
Número de clasificación LB1573 M6
Número de documento/Ítem C6.2 LL
100 1# - ASIENTO PRINCIPAL--NOMBRE PERSONAL
Nombre de persona Cordero, Salvador,
Fechas asociadas al nombre 1876-1951
245 13 - MENCIÓN DE TÍTULO
Título El Brincón :
Resto del título historia de un caballo mexicano : libro de lectura para las escuelas primarias superiores /
Mención de responsabilidad, etc. Salvador Cordero.
260 ## - PUBLICACIÓN, DISTRIBUCIÓN, ETC.
Lugar de publicación, distribución, etc. París :
Nombre del editor, distribuidor, etc. Librería de Ch. Bouret,
Fecha de publicación, distribución, etc. 1920.
300 ## - DESCRIPCIÓN FÍSICA
Extensión 154 p. :
Otras características físicas il.
650 #4 - ASIENTO SECUNDARIO DE MATERIA - TERMINO TEMATICO
Término de materia o nombre geográfico como elemento de entrada Lectura
Subdivisión general Estudio y enseñanza (Elemental)
9 (RLIN) 2805
905 ## - TIPO DE MATERIAL
Tipo de material Libro
Holdings
Estado de retiro Estado de pérdida Fuente del sistema de clasificación o colocación Estado dañado No para préstamo Código de colección Localización permanente Ubicación/localización actual Ubicación en estantería Total de préstamos Clasificación Código de barras Fecha visto por última vez Número de copia Tipo de ítem Koha
    Library of Congress Classification   Coleccion LT Libros de texto Bib. Gregorio Torres Quintero Bib. Gregorio Torres Quintero Libros de Texto   LB1573 M6 C6.2 LL 122180 31/12/2020 1 Libro